Online Catalogue and eLibrary

Mattakkalapu Thamizhagathil Induppanpadu (Record no. 4683)

MARC details
000 -LEADER
fixed length control field 00439nam a2200169Ia 4500
005 - DATE AND TIME OF LATEST TRANSACTION
control field 20250305005921.0
008 - FIXED-LENGTH DATA ELEMENTS--GENERAL INFORMATION
fixed length control field 240331s9999 xx 000 0 und d
082 ## - DDC Classification
Item Number - Author Mark MAT
DDC Edition Number 6402
Class No. 923
245 #0 - TITLE STATEMENT
Title Mattakkalapu Thamizhagathil Induppanpadu
260 ## - PUBLICATION, DISTRIBUTION, ETC.
Place of publication, distribution, etc. Batticaloa
Name of publisher, distributor, etc. 2nd World Hindu Conference
Date of publication, distribution, etc. 2003
300 ## - PHYSICAL DESCRIPTION
Extent (e.g. Volumes, Pages etc.) xix, 229 p.,
650 ## - SUBJECT ADDED ENTRY--TOPICAL TERM
Topical term or geographic name entry element Hinduism
650 ## - SUBJECT ADDED ENTRY--TOPICAL TERM
Topical term or geographic name entry element Tamil
650 ## - SUBJECT ADDED ENTRY--TOPICAL TERM
Topical term or geographic name entry element Literature
700 ## - ADDED ENTRY--PERSONAL NAME
Personal name Mounaguru, S
Relator term (Role) Editor
942 ## - Koha item type (Biblio)
Koha item type Books in Stacks (Lending)
Holdings
Lost status Damaged status Collection code Home library Current library Shelving location Date acquired Full call number Accession Number Item type
    Lending WERC Library WERC Library Social Science Cupboard 03/31/2024 923 MAT 6402 Books in Stacks (Lending)

© WERC Library